| 000 | 00348nam a2200145 a 4500 | ||
|---|---|---|---|
| 001 | 1858 | ||
| 003 | CDMR | ||
| 005 | 20130729103722.0 | ||
| 008 | 130130s2002||||||||||||||||||||||||||||d | ||
| 040 |
_aCDMR _bcat _cCPC GIRONA |
||
| 100 | 1 |
_aTiñena, Jordi _9695 |
|
| 245 | 1 | 0 |
_aL'ombra del coronel _cTiñena, Jordi |
| 260 |
_c2002 _bArola |
||
| 942 |
_cMON _2udc |
||
| 999 |
_c1858 _d1858 |
||